| 000 | 00832 a2200217 4500 | ||
|---|---|---|---|
| 008 | 080820t xxu||||| |||| 00| 0 eng d | ||
| 010 | _aENG-84850 | ||
| 020 |
_a8185396515 _c400.00 |
||
| 035 | _aEN-68383 | ||
| 037 | _bD.B.Act / Pub | ||
| 082 | _a823.08 | ||
| 100 | _aGoyal, Indu | ||
| 245 |
_aConflict and reconciliation in Graham Green _cby Indu Goyal |
||
| 250 | _a1st ed. | ||
| 260 |
_aDelhi _bS. S. Publishers _c2007 |
||
| 270 |
_aIX/5572, West Seelampur, Gandhi Nagar _bDelhi _cDelhi _e110031 _k22433202 |
||
| 300 |
_a178p. _c22 cm. (Hb) |
||
| 500 | _aIncludes bibliographical references and index | ||
| 942 |
_adpl _cEN _k823.08 / GOY _2ddc _h823.08 _mGOY |
||
| 999 |
_c592 _d592 |
||